Surveying and Land Information Systems (Record no. 118616)

MARC details
000 -LEADER
fixed length control field 00731cas a22002295a 4500
001 - CONTROL NUMBER
control field L377
008 - FIXED-LENGTH DATA ELEMENTS--GENERAL INFORMATION
fixed length control field 070626d19892002xxuqr p 0 a0eng
022 1# - INTERNATIONAL STANDARD SERIAL NUMBER
International Standard Serial Number 0039-6273
035 ## - SYSTEM CONTROL NUMBER
System control number (Sirsi) u98999
041 0# - LANGUAGE CODE
Language code of text/sound track or separate title eng
110 2# - MAIN ENTRY--CORPORATE NAME
Corporate name or jurisdiction name as entry element American Congress on Surveying and Mapping
9 (RLIN) 58
245 00 - TITLE STATEMENT
Title Surveying and Land Information Systems
260 ## - PUBLICATION, DISTRIBUTION, ETC.
Place of publication, distribution, etc. Bethesda
Name of publisher, distributor, etc. American Congress on Surveying and Mapping
Date of publication, distribution, etc. 1989-2002
362 ## - DATES OF PUBLICATION AND/OR SEQUENTIAL DESIGNATION
Dates of publication and/or sequential designation 1989-58(2) June 1998
554 ## -
-- Four per year
651 #4 - SUBJECT ADDED ENTRY--GEOGRAPHIC NAME
Geographic name United States
Chronological subdivision 1959-
690 ## - LOCAL SUBJECT ADDED ENTRY--TOPICAL TERM (OCLC, RLIN)
Topical term or geographic name as entry element ENVIRONMENTAL AND LAND CONSULTANCY-GEOMATICS-LAND SURVEYING
780 00 - PRECEDING ENTRY
Title Surveying and Mapping
International Standard Serial Number 0039-6273
785 00 - SUCCEEDING ENTRY
Title Surveying and Land Information Science
942 ## - ADDED ENTRY ELEMENTS (KOHA)
Suppress in OPAC 0
948 ## - LOCAL PROCESSING INFORMATION (OCLC); SERIES PART DESIGNATOR (RLIN)
c (OCLC) 03/02/1995
Holdings
Withdrawn status Lost status Source of classification or shelving scheme Damaged status Not for loan Home library Current library Shelving location Date acquired Total Checkouts Full call number Barcode Date last seen Price effective from Koha item type
    Dewey Decimal Classification     London London Basement 21/09/2005   SURVEYING AND LAND INFORMATION SYSTEMS 98999-2001 06/08/2019 06/08/2019 Journal